01732 2200265 4500001002100000005001500021035002000036007000300056008003900059100002200098245010900120300003100229700002700260740007400287264004500361336002100406337002300427338003800450082001000488650002500498020002200523084001900545520089000564990001201454INLIS00000000116688320260130111555 a0010-0126000745ta260130 | | | 1 aGladwell, Malcolm1 aDavid and Goliath :bketika si lemah menang melawan raksasa /cMalcolm Gladwell ; penerjemah, Zia Anshor e1 berkas komputer (5,8 MB)0 aZia Anshorepenerjemah aDavid and Goliath: underdogs, misfits, and the art of battling giants aJakarta :bGramedia pustaka utama,c2020 2rdacontentaTeks 2rdamediaaKomputer 2rdacarrieraSumber sambung jaring a153.8 4aMotivasi (psikologi) a978-602-03-7842-8 aSR 153.8 GLA d aNama Daud dan Goliat mewakili pertarungan antara si lemah dan raksasa. Kemenangan Daud tak terduga dan ajaib. Seharusnya dia tidak menang. Benarkah demikian? Gladwell menantang cara kita berpikir tentang rintangan dan kelemahan, arti diskriminasi, menghadapi cacat, kehilangan orangtua, masuk sekolah jelek, atau menderita berbagai kerugian. Buku ini membahas keunggulan pengidap disleksia, cara pikir unik peneliti kanker dan pemimpin pergerakan hak sipil, mahalnya balas dendam, serta dinamika kelas sekolah yang sukses dan tidak— menunjukkan betapa banyak hal indah dan penting di dunia yang berasal dari apa yang terlihat sebagai penderitaan dan kesukaran. Mengikuti jejak buku-buku laris Gladwell sebelumnya— The Tipping Point, Blink, Outliers, dan What the Dog Saw—buku ini merangkum sejarah, psikologi, dan kisah-kisah menarik untuk mengubah cara pikir kita tentang dunia. a3049826